IFM Opac

Contemporary Strategy Analysis: (Record no. 22195)

MARC details
000 -LEADER
fixed length control field 00338nam a22001337a 4500
020 ## - INTERNATIONAL STANDARD BOOK NUMBER
ISBN 978-1-119-12084-1
082 ## - DEWEY DECIMAL CLASSIFICATION NUMBER
Classification number 658.4
100 ## - MAIN ENTRY--AUTHOR NAME
Personal name Grant, Robert M.
245 ## - TITLE STATEMENT
Title Contemporary Strategy Analysis:
Sub Title Text and Cases
250 ## - EDITION STATEMENT
Edition statement 9th
260 ## - PUBLICATION, DISTRIBUTION, ETC. (IMPRINT)
Place of publication Chichester:
Name of publisher John Wiley & Sons
Year of publication 2016
300 ## - PHYSICAL DESCRIPTION
Number of Pages xv, 758p.: ill.; 25cm
942 ## - ADDED ENTRY ELEMENTS (KOHA)
Koha item type Books

No items available.